000 00323nam a2200133Ia 4500
005 20260328104254.0
008 260328s9999||||xx |||||||||||||| ||und||
100 _aMeyhofer, Dirk
245 0 _aContemporary Japanese Architects /
_cDirk Meyhofer
260 _bTaschen
300 _a175 p.
650 _aJAPÓN
942 _cBK
999 _c10379
_d10379